[Event "Swiss Queens Wed #14"]
[Site "FIDE Online Arena INT"]
[Date "2024.05.01"]
[Round "5"]
[White "Bulatova, Kamaliya"]
[Black "Shanmathi Sree, S."]
[Result "0-1"]
[WhiteElo "2091"]
[BlackElo "1801"]
[PlyCount "108"]
[EventDate "2024.05.01"]
[EventType "swiss (blitz)"]
[EventRounds "11"]
[EventCountry "NET"]
[SourceTitle "CB19_2024"]
[SourceDate "2024.05.08"]
[SourceVersion "1"]
[SourceVersionDate "2024.05.08"]
[SourceQuality "1"]

1. d4 Nf6 2. Nc3 g6 3. e4 d6 4. Bf4 Bg7 5. Qd2 0-0 6. Bh6 Nbd7 7. f3 c5 8. Nge2 cxd4 9. Nxd4 Qb6 10. 0-0-0 Ne5 11. h4 Nc6 12. Nb3 a5 13. h5 a4 14. Bxg7 Kxg7 15. hxg6 fxg6 16. Bc4 h5 17. Nd4 Nxd4 18. Qxd4 Qxd4 19. Rxd4 Bd7 20. Nd5 Nxd5 21. Bxd5 Bc6 22. Bxc6 bxc6 23. a3 c5 24. Rc4 Rf4 25. Kd2 Kf6 26. Ke3 Ke5 27. g3 Rff8 28. f4+ Ke6 29. e5 Rfb8 30. Rb1 Kd5 31. b3 axb3 32. cxb3 Rxa3 33. Rc3 Ke6 34. exd6 exd6 35. Kf2 Kd5 36. Rd1+ Kc6 37. Rcd3 Rd8 38. g4 hxg4 39. Kg3 d5 40. Kxg4 d4 41. Kg5 Rd6 42. Rc1 Kd5 43. Rf3 Rb6 44. f5 gxf5 45. Rxf5+ Ke4 46. Rcxc5 Raxb3 47. Rcd5 d3 48. Rfe5+ Kf3 49. Rf5+ Ke2 50. Rfe5+ Kd1 51. Rf5 d2 52. Rf2 Rb2 53. Kf4 R6b3 54. Rf1+ Kc2 0-1

[Event "Swiss Queens Wed #14"]
[Site "FIDE Online Arena INT"]
[Date "2024.05.01"]
[Round "8"]
[White "Nevska, Gerda"]
[Black "Bulatova, Kamaliya"]
[Result "0-1"]
[WhiteElo "1872"]
[BlackElo "2091"]
[PlyCount "78"]
[EventDate "2024.05.01"]
[EventType "swiss (blitz)"]
[EventRounds "11"]
[EventCountry "NET"]
[SourceTitle "CB19_2024"]
[SourceDate "2024.05.08"]
[SourceVersion "1"]
[SourceVersionDate "2024.05.08"]
[SourceQuality "1"]

1. b3 e5 2. Bb2 d6 3. d4 exd4 4. Bxd4 Nc6 5. Bb2 a5 6. g3 a4 7. Bg2 axb3 8. cxb3 Nf6 9. Nf3 Be7 10. 0-0 0-0 11. Nc3 h6 12. a4 Be6 13. Ba3 Na5 14. Rb1 Rb8 15. Nd4 Bd7 16. Qd3 Ng4 17. f4 Re8 18. h3 Nf6 19. e4 Qc8 20. Kh2 c5 21. Ndb5 Bc6 22. b4 c4 23. Qc2 Nb3 24. e5 dxe5 25. fxe5 Nd7 26. Nd6 Bxd6 27. exd6 Ne5 28. b5 Nd4 29. Qf2 Ndf3+ 30. Kh1 Nd3 31. Qc2 Nfe1 32. Qd2 Bxg2+ 33. Qxg2 Nxg2 34. Kxg2 Qd7 35. b6 Re3 36. Nd5 Re2+ 37. Kf3 Qe6 38. Ne7+ Kh8 39. h4 Qe4# 0-1

[Event "Swiss Queens Wed #14"]
[Site "FIDE Online Arena INT"]
[Date "2024.05.01"]
[Round "9"]
[White "Ovezdurdiyeva, Jemal"]
[Black "Bulatova, Kamaliya"]
[Result "1-0"]
[WhiteElo "2063"]
[BlackElo "2091"]
[PlyCount "71"]
[EventDate "2024.05.01"]
[EventType "swiss (blitz)"]
[EventRounds "11"]
[EventCountry "NET"]
[SourceTitle "CB19_2024"]
[SourceDate "2024.05.08"]
[SourceVersion "1"]
[SourceVersionDate "2024.05.08"]
[SourceQuality "1"]

1. e4 c5 2. Nf3 d6 3. c3 Nf6 4. Bd3 Nc6 5. h3 g6 6. 0-0 Bg7 7. Bc2 0-0 8. d4 cxd4 9. cxd4 a6 10. Nc3 b5 11. e5 Ne8 12. Bg5 Bb7 13. Nd5 h6 14. Bh4 Nc7 15. Nxc7 Qxc7 16. e6 f5 17. Rc1 Qb6 18. d5 Nb4 19. Bb3 Bxb2 20. Rb1 Bd4 21. Nxd4 Nxd5 22. Bxd5 Bxd5 23. Bxe7 Rfe8 24. Bf6 Bxe6 25. Qd2 Kh7 26. Nxe6 Rxe6 27. Bb2 Rae8 28. Rfe1 Re4 29. Qc3 Qa7 30. Rxe4 fxe4 31. Rc1 g5 32. Qe3 Qf7 33. Qd4 Rf8 34. Rc6 d5 35. Rxa6 Kg8 36. Qh8# 1-0

[Event "Titled Tuesday intern op 16th Apr Early"]
[Site "Chess.com INT"]
[Date "2024.04.16"]
[Round "6"]
[White "Bulatova, Kamaliya"]
[Black "Andersson, Bjorn2"]
[Result "0-1"]
[WhiteElo "2091"]
[BlackElo "2156"]
[PlyCount "70"]
[EventDate "2024.04.16"]
[EventType "swiss (blitz)"]
[EventRounds "11"]
[EventCountry "USA"]
[SourceTitle "CB17_2024"]
[SourceDate "2024.04.24"]
[SourceVersion "1"]
[SourceVersionDate "2024.04.24"]
[SourceQuality "1"]

1. e4 e6 2. d4 d5 3. exd5 exd5 4. Bd3 Nc6 5. c3 Bd6 6. h3 Nge7 7. Qf3 Be6 8. Be3 Qd7 9. Ne2 0-0-0 10. Nd2 f6 11. Nf4 Kb8 12. b4 Bxf4 13. Qxf4 Rdf8 14. Nb3 g5 15. Qf3 g4 16. Qe2 gxh3 17. gxh3 Bxh3 18. Nc5 Qg4 19. f3 Qc8 20. Ba6 Nd8 21. Bxb7 Nxb7 22. Na6+ Ka8 23. Bf4 Re8 24. 0-0-0 Nd6 25. Nxc7+ Qxc7 26. Rxh3 Nef5 27. Qd3 Qd7 28. Rh5 Rhg8 29. Bxd6 Nxd6 30. Rxd5 Qc6 31. Rc5 Qb7 32. Rf1 Rc8 33. Rh1 Rxc5 34. dxc5 Nb5 35. Rxh7 Qc6 0-1

[Event "Swiss Queens Wed #5"]
[Site "FIDE Online Arena INT"]
[Date "2024.02.28"]
[Round "10"]
[White "Bulatova, Kamaliya"]
[Black "Preobrazhenskaya, Diana"]
[Result "0-1"]
[WhiteElo "2091"]
[BlackElo "1859"]
[PlyCount "68"]
[EventDate "2024.02.28"]
[EventType "swiss (blitz)"]
[EventRounds "11"]
[EventCountry "NET"]
[SourceTitle "CB10_2024"]
[SourceDate "2024.03.06"]
[SourceVersion "1"]
[SourceVersionDate "2024.03.06"]
[SourceQuality "1"]

1. e4 c5 2. Nf3 d6 3. b3 Nf6 4. Nc3 e6 5. Bb5+ Nbd7 6. Bb2 Be7 7. Qe2 0-0 8. h3 a6 9. Bxd7 Bxd7 10. g4 d5 11. exd5 exd5 12. d4 cxd4 13. Nxd4 Re8 14. 0-0-0 Ba3 15. Qf3 Bxb2+ 16. Kxb2 Qa5 17. g5 Ne4 18. Nde2 Bc6 19. Rd4 Rac8 20. h4 b5 21. b4 Qb6 22. Nxd5 Bxd5 23. Rxd5 Qc6 24. c4 Qxc4 25. Rd7 Qxb4+ 26. Ka1 Qc4 27. Rc1 Qe6 28. Rdd1 Qe5+ 29. Kb1 Rxc1+ 30. Kxc1 Qa1+ 31. Kc2 Qxa2+ 32. Kd3 Qc4+ 33. Ke3 Nc3+ 34. Kd2 Rd8+ 0-1

[Event "Swiss Queens Wed #3"]
[Site "FIDE Online Arena INT"]
[Date "2024.02.14"]
[Round "3"]
[White "Bulatova, Kamaliya"]
[Black "Bodnaruk, Anastasia"]
[Result "0-1"]
[WhiteElo "2091"]
[BlackElo "2340"]
[PlyCount "110"]
[EventDate "2024.02.14"]
[EventType "swiss (blitz)"]
[EventRounds "11"]
[EventCountry "NET"]
[SourceTitle "CB08_2024"]
[SourceDate "2024.02.21"]
[SourceVersion "1"]
[SourceVersionDate "2024.02.21"]
[SourceQuality "1"]

1. d4 Nf6 2. Bf4 g6 3. e3 Bg7 4. h3 0-0 5. Nf3 d6 6. Be2 Nfd7 7. Bh2 e5 8. 0-0 Nc6 9. c3 Kh8 10. Nbd2 f5 11. Nc4 e4 12. Nfd2 Qe7 13. f4 Nd8 14. Qe1 Ne6 15. Kh1 Nf6 16. g4 Nd5 17. gxf5 gxf5 18. Bd1 Bd7 19. Bb3 c6 20. Nxe4 fxe4 21. f5 Ng5 22. Bxd6 Qf6 23. Bxf8 Rxf8 24. Qh4 Bxf5 25. Rg1 Nf3 26. Qxf6 Bxf6 27. Rg2 Bxh3 28. Rg3 Bf5 29. Nd6 Bg6 30. Bc2 Bh4 31. Rh3 Ne1 32. Rxh4 Nxc2 33. Rg1 Kg7 34. Nxe4 Ncxe3 35. Ng5 Rf1 36. Ne6+ Kf6 37. Rxf1+ Nxf1 38. Nc5 b6 39. Nd7+ Kg5 40. Rh2 Ng3+ 41. Kg2 Ne4 42. Ne5 c5 43. Kf3 Nd6 44. Rg2+ Kf5 45. Rf2 cxd4 46. cxd4 Ke6 47. Nc6 Be4+ 48. Kg4 Ne3+ 49. Kf4 Bxc6 50. Kxe3 Nf5+ 51. Kd3 h5 52. Kc4 h4 53. Re2+ Kf6 54. d5 Bb5+ 55. Kxb5 Nd4+ 0-1

[Event "Swiss Queens Wed #3"]
[Site "FIDE Online Arena INT"]
[Date "2024.02.14"]
[Round "6"]
[White "Mikhaylova, Irina"]
[Black "Bulatova, Kamaliya"]
[Result "1-0"]
[WhiteElo "2169"]
[BlackElo "2091"]
[PlyCount "85"]
[EventDate "2024.02.14"]
[EventType "swiss (blitz)"]
[EventRounds "11"]
[EventCountry "NET"]
[SourceTitle "CB08_2024"]
[SourceDate "2024.02.21"]
[SourceVersion "1"]
[SourceVersionDate "2024.02.21"]
[SourceQuality "1"]

1. d4 Nf6 2. Nf3 e6 3. c4 Bb4+ 4. Nbd2 0-0 5. g3 b6 6. Bg2 Bb7 7. 0-0 Nc6 8. a3 Be7 9. e4 d6 10. b4 e5 11. Bb2 exd4 12. Nxd4 Ne5 13. Nf5 Re8 14. Nxe7+ Qxe7 15. Qc2 c5 16. b5 Rad8 17. Rfe1 Qd7 18. h3 h5 19. Nf1 h4 20. g4 Ng6 21. Bxf6 gxf6 22. Ne3 Nf4 23. Nd5 Bxd5 24. exd5 Rxe1+ 25. Rxe1 Re8 26. Re3 Re5 27. Rxe5 fxe5 28. Qe4 Kg7 29. Kh2 Qc8 30. Bf1 Ng6 31. Bd3 a6 32. a4 axb5 33. cxb5 Qd7 34. Qf5 Qxf5 35. Bxf5 Nf4 36. a5 bxa5 37. b6 Nxd5 38. b7 a4 39. b8Q a3 40. Qa7 Nf4 41. Qxa3 c4 42. Qxd6 c3 43. Qxe5+ 1-0

[Event "RUS-ch U20 Girls"]
[Site "Moscow"]
[Date "2023.04.25"]
[Round "7"]
[White "Yakimova, Mariya"]
[Black "Bulatova, Kamaliya"]
[Result "0-1"]
[WhiteElo "2245"]
[BlackElo "2129"]
[PlyCount "82"]
[EventDate "2023.04.19"]
[EventType "tourn"]
[EventRounds "9"]
[EventCountry "RUS"]
[SourceTitle "CBM 213 Extra"]
[Source "ChessBase"]
[SourceDate "2023.05.31"]
[SourceVersion "1"]
[SourceVersionDate "2023.05.31"]
[SourceQuality "1"]

1. d4 Nf6 2. c4 Nc6 3. Nc3 e5 4. d5 Ne7 5. e4 Ng6 6. a3 Bc5 7. f3 a5 8. Nge2 c6 9. Na4 Ba7 10. dxc6 bxc6 11. c5 0-0 12. Qc2 d5 13. Bd2 Be6 14. Rd1 Nh5 15. g3 f5 16. Bh3 d4 17. Bxf5 Rxf5 18. exf5 d3 19. Qc3 dxe2 20. Kxe2 Bxf5 21. Be3 Qe7 22. Nb6 Rf8 23. Rd2 Bh3 24. Rg1 Qf7 25. Bf2 Bg4 26. Kd1 Bxf3+ 27. Kc1 Bxb6 28. cxb6 Qa2 29. Re1 Bd5 30. b7 Bb3 31. Rd3 Bc4 32. Rf3 Rb8 33. Rxe5 Nf6 34. Rxa5 Rxb7 35. Ra8+ Kf7 36. Bd4 Be2 37. Bxf6 Qa1+ 38. Kd2 Qd1+ 39. Ke3 Bxf3 40. Bg5 Qe2+ 41. Kd4 Qe4+ 0-1

[Event "Titled Tuesday intern op 15th Nov Early"]
[Site "Chess.com INT"]
[Date "2022.11.15"]
[Round "2"]
[White "Minko, Dmitry"]
[Black "Bulatova, Kamaliya"]
[Result "1-0"]
[WhiteElo "2247"]
[BlackElo "2129"]
[PlyCount "81"]
[EventDate "2022.11.15"]
[EventType "swiss (blitz)"]
[EventRounds "11"]
[EventCountry "USA"]
[SourceTitle "CBM 211 Extra"]
[Source "ChessBase"]
[SourceDate "2023.01.31"]
[SourceVersion "1"]
[SourceVersionDate "2023.01.31"]
[SourceQuality "1"]

1. e4 Nf6 2. e5 Nd5 3. c4 Nb6 4. d4 d6 5. exd6 exd6 6. Nc3 Be7 7. Be3 Nc6 8. Qd2 Bf5 9. Rc1 0-0 10. Bd3 Bxd3 11. Qxd3 Bf6 12. Nf3 d5 13. b3 Nb4 14. Qe2 c6 15. 0-0 Re8 16. c5 Nd7 17. a3 Na6 18. b4 Nc7 19. b5 Ne6 20. Qd3 Qc7 21. g3 g6 22. Rb1 Ng7 23. bxc6 bxc6 24. Bf4 Qc8 25. Rb2 Ne6 26. Bd6 Ng7 27. Rfb1 Nf5 28. Bf4 Kg7 29. h4 h6 30. Kg2 Nf8 31. Rb7 Ne6 32. Bd6 Nxd6 33. cxd6 Rd8 34. Ne5 Rxd6 35. Rxf7+ Kh8 36. Nxg6+ Kg8 37. Rxf6 Nc5 38. Ne7+ Kh8 39. Nxc8 Nxd3 40. Nxd6 Rg8 41. Rb7 1-0

[Event "Titled Tuesday intern op 15th Nov Early"]
[Site "Chess.com INT"]
[Date "2022.11.15"]
[Round "4"]
[White "Samarth, J Rao"]
[Black "Bulatova, Kamaliya"]
[Result "0-1"]
[WhiteElo "1664"]
[BlackElo "2129"]
[PlyCount "42"]
[EventDate "2022.11.15"]
[EventType "swiss (blitz)"]
[EventRounds "11"]
[EventCountry "USA"]
[SourceTitle "CBM 211 Extra"]
[Source "ChessBase"]
[SourceDate "2023.01.31"]
[SourceVersion "1"]
[SourceVersionDate "2023.01.31"]
[SourceQuality "1"]

1. c4 g6 2. d4 Bg7 3. e4 d6 4. f4 c5 5. d5 e5 6. fxe5 Bxe5 7. Nf3 Bg7 8. Bd3 Nf6 9. 0-0 0-0 10. Nc3 a6 11. a4 Ng4 12. h3 Ne5 13. Nxe5 Bxe5 14. Bh6 Re8 15. Qf3 Qe7 16. Rae1 Nd7 17. Bd2 Nf6 18. Bg5 Kg7 19. Bxf6+ Bxf6 20. e5 Bxe5 21. Ne4 f5 0-1

[Event "Cheliabinsk Panchenko Memorial op-B"]
[Site "Cheliabinsk"]
[Date "2022.09.18"]
[Round "7"]
[White "Lysenko, Margarita"]
[Black "Bulatova, Kamaliya"]
[Result "1-0"]
[WhiteElo "2267"]
[BlackElo "2139"]
[PlyCount "101"]
[EventDate "2022.09.12"]
[EventType "swiss"]
[EventRounds "10"]
[EventCountry "RUS"]
[SourceTitle "CBM 210 Extra"]
[Source "ChessBase"]
[SourceDate "2022.11.30"]
[SourceVersion "1"]
[SourceVersionDate "2022.11.30"]
[SourceQuality "1"]

1. d4 f5 2. c4 Nf6 3. Nf3 e6 4. g3 d5 5. Bg2 c6 6. 0-0 Bd6 7. b3 Qe7 8. Bb2 0-0 9. Ne5 Nbd7 10. Nd2 Ne4 11. Ndf3 Ndf6 12. Nd3 Bd7 13. Nfe5 Be8 14. f3 Ng5 15. Qd2 Nf7 16. a4 Rd8 17. Qc1 Qc7 18. Kh1 Bd7 19. Ba3 Bc8 20. cxd5 exd5 21. Bxd6 Nxd6 22. b4 a6 23. Qc5 Nd7 24. Nxd7 Qxd7 25. Ne5 Qe6 26. Qc1 f4 27. gxf4 Nf5 28. e3 Qh6 29. Qe1 Rde8 30. Ra3 Qh5 31. Rf2 Rf6 32. Bf1 Rh6 33. Bd3 Nh4 34. Qe2 Rf6 35. Ra1 Re7 36. Rg1 Qe8 37. Rg3 Qd8 38. Rf1 Qb6 39. Qd2 Bf5 40. a5 Qc7 41. Rfg1 Kh8 42. Bxf5 Nxf5 43. Rg5 Nd6 44. Rh5 Kg8 45. Qd3 h6 46. Ng4 Rfe6 47. Nxh6+ Kf8 48. Ng4 g6 49. Rg5 Nf5 50. Ne5 Rh7 51. Rxf5+ 1-0

[Event "Titled Tuesday intern op 21st Dec"]
[Site "Chess.com INT"]
[Date "2021.12.21"]
[Round "6"]
[White "Bulatova, Kamaliya"]
[Black "Przybylski, Wojciech"]
[Result "0-1"]
[WhiteElo "2139"]
[BlackElo "2321"]
[PlyCount "94"]
[EventDate "2021.12.21"]
[EventType "swiss (blitz)"]
[EventRounds "11"]
[EventCountry "USA"]
[SourceTitle "CBM 205 Extra"]
[Source "ChessBase"]
[SourceDate "2022.01.31"]
[SourceVersion "1"]
[SourceVersionDate "2022.01.31"]
[SourceQuality "1"]

1. d4 d5 2. c4 c6 3. cxd5 cxd5 4. Bf4 Nf6 5. Nc3 a6 6. e3 Nc6 7. a3 Bg4 8. Qa4 e6 9. h3 Bf5 10. Nf3 Be7 11. Ne5 Rc8 12. Nxc6 Rxc6 13. Qb3 Qb6 14. Qxb6 Rxb6 15. b4 Rc6 16. Kd2 g5 17. Be5 0-0 18. Bd3 Rfc8 19. Bxf5 Rxc3 20. Bb1 Nd7 21. Bg3 Nb6 22. Rd1 Rxa3 23. Rxa3 Bxb4+ 24. Ke2 Bxa3 25. Bd3 Be7 26. Rb1 Rc6 27. Kf3 h5 28. h4 g4+ 29. Ke2 f5 30. Bb8 Bd6 31. Ba7 Bc7 32. Bxb6 Bxb6 33. Kd2 Kf7 34. Ke2 Ke7 35. f3 Kd6 36. fxg4 fxg4 37. Bg6 Kc7 38. Kd3 Ba5 39. Bxh5 Rc3+ 40. Ke2 Rc2+ 41. Kf1 g3 42. Bf3 Rf2+ 43. Kg1 Bd2 44. h5 Bxe3 45. Kh1 Bxd4 46. h6 Be5 47. h7 Rc2 0-1